书目信息 |
| 题名: |
英汉环境科学词汇
|
|
| 作者: | 王宝 编 | |
| 分册: | ||
| 出版信息: | 北京 科学出版社 1981.7 |
|
| 页数: | 409页 | |
| 开本: | 20cm | |
| 丛书名: | ||
| 单 册: | ||
| 中图分类: | X-61 | |
| 科图分类: | ||
| 主题词: | 环境科学 , 劳动?0 , ?0 , 安全学 | |
| 电子资源: | ||
| ISBN: | ||
| 000 | 00599nam0 2200241 45 | |
| 001 | 0312221749 | |
| 005 | 20040513153249.4 | |
| 010 | @dCNY2.50 | |
| 091 | @a17031.120 | |
| 100 | @a20031222d1981 km y0chiy0120 ea | |
| 101 | @achi | |
| 105 | @a z 000yy | |
| 200 | 1 | @a英汉环境科学词汇@AYing Han Huan Jing Ke Xue Ci Hui@f王宝编@FWang Bao Bian |
| 210 | @a北京@c科学出版社@d1981.7 | |
| 215 | @a409页@d20cm | |
| 606 | 0 | @a环境科学 |
| 606 | 0 | @a劳动?0 |
| 606 | @a?0 | |
| 606 | @a安全学 | |
| 690 | @aX-61@v3 | |
| 701 | 0 | @a王宝@4编 |
| 801 | @aCN@bTSTCL@c20031222 | |
| 905 | @dX-61@e16@f1@b151004 | |
| 英汉环境科学词汇/王宝编.-北京:科学出版社,1981.7 |
| 409页;20cm |
| ISBN :CNY2.50 |
| ● |
| 相关链接 |
|
|
|
|
正题名:英汉环境科学词汇
索取号:X-61/16
 
预约/预借
| 序号 | 登录号 | 条形码 | 馆藏地/架位号 | 状态 | 备注 |
| 1 | 0151004 | 001485878 | 第三借阅区/ [索取号:X-61/16] | 在馆 | |
| 2 | 0151005 | 001485887 | 第二样本阅览室/ [索取号:X-61/16] | 在馆 |